000 00349nam a2200133Ia 4500
005 20251222152016.0
008 251222s9999||||xx |||||||||||||| ||spa||
082 _a657.3/C95
100 _aCruzado Ribeyro, Víctor R.
245 0 _aEl valor razonable aplicando las NIIF y el PCGE
250 _a1a.ed.
264 _bGrupo Acrópolis,
942 _cLIB
999 _c25105
_d25105